Exploring personality styles : (Record no. 1002)

MARC details
000 -LEADER
fixed length control field 00879cam a2200289Ia 4500
003 - CONTROL NUMBER IDENTIFIER
control field data
005 - DATE AND TIME OF LATEST TRANSACTION
control field 20260322212043.0
008 - FIXED-LENGTH DATA ELEMENTS--GENERAL INFORMATION
fixed length control field data
010 ## - LIBRARY OF CONGRESS CONTROL NUMBER
LC control number 97068592
020 ## - INTERNATIONAL STANDARD BOOK NUMBER
International Standard Book Number 1572941243
020 ## - INTERNATIONAL STANDARD BOOK NUMBER
International Standard Book Number 9781572941243
040 ## - CATALOGING SOURCE
Original cataloging agency FZU
Transcribing agency FZU
Modifying agency VET
050 #4 - LIBRARY OF CONGRESS CALL NUMBER
Classification number BF698.9.O3
Item number S56 1999
082 #4 - DEWEY DECIMAL CLASSIFICATION NUMBER
Classification number 158.7
092 ## - LOCALLY ASSIGNED DEWEY CALL NUMBER (OCLC)
Classification number 158.7 Dob 1999
001 - CONTROL NUMBER
control field data
100 1# - MAIN ENTRY--PERSONAL NAME
Personal name Dobson, Michael Singer.
245 10 - TITLE STATEMENT
Title Exploring personality styles :
Remainder of title a guide for better understanding yourself and your colleagues /
Statement of responsibility, etc. Michael Singer Dobson.
260 ## - PUBLICATION, DISTRIBUTION, ETC.
Place of publication, distribution, etc. Mission, KS :
Name of publisher, distributor, etc. SkillPath Publications,
Date of publication, distribution, etc. c1999.
300 ## - PHYSICAL DESCRIPTION
Extent 100 p. ;
Dimensions 22 cm.
500 ## - GENERAL NOTE
General note Includes bibliographical references (p. 99-100).
650 #0 - SUBJECT ADDED ENTRY--TOPICAL TERM
Topical term or geographic name entry element Personality and occupation.
650 #0 - SUBJECT ADDED ENTRY--TOPICAL TERM
Topical term or geographic name entry element Personality assessment.
650 #0 - SUBJECT ADDED ENTRY--TOPICAL TERM
Topical term or geographic name entry element Work
General subdivision Psychological aspects.
650 #2 - SUBJECT ADDED ENTRY--TOPICAL TERM
Topical term or geographic name entry element Occupational Groups
General subdivision psychology.
650 #2 - SUBJECT ADDED ENTRY--TOPICAL TERM
Topical term or geographic name entry element Personality.
Holdings
Withdrawn status Lost status Damaged status Not for loan Home library Current library Shelving location Date acquired Total checkouts Full call number Barcode Date last seen Price effective from Koha item type
        Franklin Franklin General stacks 22/03/2026   158.7 BC0011035 22/03/2026 22/03/2026 Books